000 02758cam a22005054i 4500
003 PE-LiUPU
005 20250731173335.0
008 150706s r 000 0 d
020 _a9780830825912
035 _a(Sirsi) i9780830825912
040 _aPE-LiUPU
_bspa
_cPE-LiUPU
_erda
049 _aPRUA
082 0 4 _a231.3
_bW92
_221
100 1 _aWright, Christopher J. H.,
_eautor.
245 1 0 _aKnowing the Holy Spirit :
_bthrough the Old Testament /
_cChristopher J. H. Wright.
264 1 _aDowners Grove, Illinois :
_bIVP Academic,
_c2006.
300 _a159 páginas ;
_c21 centímetros
336 _atext
_2rdacontent
337 _aunmediated
_2rdamedia
338 _avolume
_2rdacarrier
505 0 _aThe Creating Spirit -- Hovering and Speaking: The Spirit and the Universe -- Sustaining and Renewing: The Spirit and the Earth -- Breathing and Leaving: The Spirit and Humanity -- Groaning and Birthing: The Spirit and New Creation -- Conclusion -- The Empowering Spirit -- Power and Ability -- Power with Humility -- Conclusion -- The Prophetic Spirit -- False Prophets and Their Own Spirit -- God's Prophets and God's Spirit -- Conclusion -- The Anointing Spirit -- Anointing and the Historical Kings -- Anointing and the Coming Servant-King -- Anointing and the Mission of Jesus, the Christ -- Anointing and the Mission of the Church -- Conclusion -- The Coming Spirit -- Re-creation and Righteousness-Isaiah 32 -- Renewal and Resurrection-Ezekiel 36, 37 -- Repentance and Restoration-Joel 2 -- Conclusion.
526 _aSEG42
526 _aSEG41
526 _aSEG40
526 _aSEG39
526 _aP94
526 _aP87
526 _aP86
526 _aP85
526 _aP77
526 _aP76
526 _aP35
541 _g1057695742-4939426;
541 _g104-3776787-4588217;
630 _aBiblia.
_pA.T.
_xTEOLOGIA.
650 0 4 _aEspíritu Santo
_xEnseñanza bíblica.
910 _bng
_cng
_d20090309
942 _2ddc
_cBOOK
949 _a231.3 W92
_wDEWEY
_c1
_i59800
_lCCODEBUL1
_mBUL
_p12.00
_r0
_sY
_tBOOK
_u2015-7-6
_xTEOLOGIA
_PP85
_0COMPRA
_o.STAFF. Colección General
949 _a231.3 W92
_wDEWEY
_c2
_i59379
_lCCODEBUL1
_mBUL
_p10.00
_r0
_sY
_tBOOK
_u2015-7-6
_xTEOLOGIA
_zUNKNOWN
_0COMPRA
_o.STAFF. Colección General
994 _aC0
_bPEPRU
596 _a1
999 _a231.3 W92
_wDEWEY
_c48971
_i59800
_f2021-11-9
_g5
_lCCODEBUL1
_mBUL
_p12.00
_r0
_sY
_tBOOK
_u2015-7-6
_xTEOLOGIA
_PP85
_0COMPRA
_o.STAFF. Colección General
_d48971
999 _a231.3 W92
_wDEWEY
_c2
_i59379
_f2021-11-9
_g5
_lCCODEBUL1
_mBUL
_p10.00
_r0
_sY
_tBOOK
_u2015-7-6
_xTEOLOGIA
_zUNKNOWN
_0COMPRA
_o.STAFF. Colección General
980 _81
_gALBERTO SANCHEZ Responsable de Automatización